| 000 | 00555nam a2200205Ia 4500 | ||
|---|---|---|---|
| 008 | 160901s9999 xx 000 0 und d | ||
| 020 | _a0-321-46675-6 | ||
| 050 | _aComSc QA 76.76 | ||
| 050 | _b.D47P53 2006 | ||
| 100 | _aPlatt, David S. | ||
| 245 | _aWhy software sucks…and what you can do about it / | ||
| 245 | _cDavid S. Platt. | ||
| 260 | _aSingapore : | ||
| 260 | _bPearson Education Asia Pte. Ltd., | ||
| 260 | _c2006 | ||
| 300 | _a242 pages : | ||
| 300 | _bill. ; | ||
| 300 | _c23 cm. | ||
| 650 | _aComputer software -- Development. | ||
| 999 |
_c300848 _d300848 |
||